La gran transición. Rusia, 1985-2002.
Saved in:
| Hovedforfatter: | |
|---|---|
| Andre forfattere: | |
| Format: | Bog |
| Sprog: | spansk |
| Udgivet: |
Barcelona, España:
Crítica,
2003.
|
| Serier: | Memoria Crítica.
|
| Fag: | |
| Tags: |
Tilføj Tag
Ingen Tags, Vær først til at tagge denne postø!
|
MARC
| LEADER | 00000nam a2200000 a 4500 | ||
|---|---|---|---|
| 001 | UCI1473 | ||
| 003 | CL-VaPUC | ||
| 005 | 20230804100922.0 | ||
| 008 | 070629e20030000SP |||||||||||||||||spa|d | ||
| 999 | |c 326292 |d 326290 | ||
| 020 | |a 84-8432-422-2 | ||
| 040 | |c Pontificia Universidad Católica de Valparaíso | ||
| 082 | 0 | 4 | |a 947.0841 POC 2003 |2 21 |
| 100 | |a Poch-de-Feliu, Rafael |e autor |9 522023 | ||
| 245 | 1 | 3 | |a La gran transición. |b Rusia, 1985-2002. |
| 260 | |a Barcelona, España: |b Crítica, |c 2003. | ||
| 300 | |a 440 páginas. | ||
| 490 | 0 | |a Memoria Crítica. | |
| 500 | |a c.2 Donación Sr. Jorge Precht Pizarro. 26-05-23. Biblioteca Teología. | ||
| 583 | |a last modification |c 20070629 00:00:00 |k Rodrigo Vera | ||
| 650 | 0 | |a Historia de Rusia |9 343091 |x Políica y gobierno |x Problemas sociales |y Siglos 20 y 21 |z Unión Soviética (URSS) | |
| 650 | 0 | |a Movimientos revolucionarios |9 349711 |v Historia |y Siglos 20 y 21 |z Rusia | |
| 700 | |9 884030 |a Medvedev, Roi |e prólogo | ||
| 942 | |c BK |2 ddc | ||
| 945 | |d 20070629 00:00:00 |a jtorresc | ||
| 952 | |0 0 |1 0 |4 0 |6 947_084100000000000_POC_2003 |7 0 |8 A |9 408128 |a BIBHIS |b BIBHIS |d 2019-11-22 |i 435463K |o 947.0841 POC 2003 |p 435463K |r 2025-01-20 |w 2019-11-22 |y BK |k HIS | ||
| 952 | |0 0 |1 0 |2 ddc |4 0 |6 947_084100000000000_POC_2003 |7 0 |8 A |9 591104 |a BIBTEO |b BIBTEO |c GEN |d 2023-08-04 |e Donación |i 5658252 |o 947.0841 POC 2003 |p 5658252 |r 2025-01-17 |t 2 |w 2023-08-04 |y BK |k ICR | ||